Statistics for The only country...

Click here to take the quiz!

General Stats

  • This quiz has been taken 72 times
  • The average score is 14 of 18

Answer Stats

HintAnswer% Correct
That has a higher population than IndiaChina
100%
Where you can find a 800+ meter buildingUnited Arab Emirates
97%
That shares a land border with BruneiMalaysia
90%
That borders both Norway and North KoreaRussia
90%
That has a smaller land area than one square kilometerVatican City
88%
That borders 80% of the countries on the same continentBrazil
86%
With no speed limit*Germany
86%
That has a capital city above 60 degrees north***Iceland
86%
That borders both the Mediterranean and the Black SeaTurkey
84%
That has a capital city below 40 degrees south***New Zealand
83%
Where you can find Komodo dragonsIndonesia
81%
That surrounds two countriesItaly
81%
That has territory on the African mainland (and isn't an African country)Spain
79%
That is in South East Asia and has never been colonizedThailand
76%
That has more pyramids than EgyptSudan
69%
That has lost a war against birdsAustralia
66%
With an over 16 hour domestic flight**France
64%
Where every neighbouring country starts with CPanama
31%

Score Distribution

Percentile by Number Answered

Percent of People with Each Score

Your Score History

You have not taken this quiz